Normal view
MARC view
Entry Personal Name
001 - CONTROL NUMBER
- control field: 22888
003 - CONTROL NUMBER IDENTIFIER
- control field: ARRUPE
005 - DATE AND TIME OF LATEST TRANSACTION
- control field: 20160315111631.0
008 - FIXED-LENGTH DATA ELEMENTS
- fixed length control field: 160315|| aca||aabn | a|a d
040 ## - CATALOGING SOURCE
- Original cataloging agency: ARRUPE
- Transcribing agency: ARRUPE
100 ## - HEADING--PERSONAL NAME
- Personal name: Rosenstock-Huessy, Eugen,
- Dates associated with a name: 1888-1973.
670 ## - SOURCE DATA FOUND
- Source citation: Work cat.: (ARRUPE)0: Rosenstock-Huessy, Eugen, 1888-1973., The fruit of lips :, 1978.